الحديقة الفرعونية

محفوظ في:

مؤلف مشترك: Ministry Of Agriculture - Department of Agricultural Culture, Department of Museums and Exhibitions.

التنسيق: كتاب

اللغة: Undetermined

منشور في: Miṣr Wizarat alziraea maslahat althaqafat alziraeiat qism almatahif walmaearid 1957

الوسوم: إضافة وسم

لا توجد وسوم, كن أول من يضع وسما على هذه التسجيلة!

رقم الطلب: A75 CAIR

LEADER 00465nam a2200121Ia 4500
008 240404s9999||||xx |||||||||||||| ||und||
050 4 |a A75 CAIR 
110 0 |a Ministry Of Agriculture - Department of Agricultural Culture, Department of Museums and Exhibitions. 
245 1 0 |a الحديقة الفرعونية 
264 1 |a Miṣr  |b Wizarat alziraea maslahat althaqafat alziraeiat qism almatahif walmaearid  |c 1957 
300 |a Unnumbered pages  |c 22 
942 |2 lcc  |c BK 
999 |c 58164  |d 58164